[Event "65+ World Senior Team Championship"]
[Site "chess24.com"]
[Date "2017.05.02"]
[Round "9"]
[White "Singer, Hans"]
[Black "Uddenfeldt, Dan"]
[Result "0-1"]
[Board "2"]
[WhiteElo "2213"]
[WhiteTitle "FM"]
[WhiteCountry "AUT"]
[WhiteFideId "1600800"]
[WhiteEloChange "-6"]
[BlackElo "2359"]
[BlackCountry "SWE"]
[BlackFideId "1700243"]
[BlackEloChange "6"]

1. Nf3 {[%clk 1:30:55]} Nf6 {[%clk 1:28:01]} 2. c4 {[%clk 1:31:09]} g6 {[%clk
1:27:28]} 3. Nc3 {[%clk 1:31:29]} Bg7 {[%clk 1:27:15]} 4. e4 {[%clk 1:31:50]} d6
{[%clk 1:27:18]} 5. d4 {[%clk 1:32:13]} O-O {[%clk 1:27:05]} 6. Be2 {[%clk
1:32:37]} e5 {[%clk 1:26:18]} 7. Be3 {[%clk 1:32:46]} a5 {[%clk 1:22:15]} 8. dxe5
{[%clk 1:30:14]} dxe5 {[%clk 1:22:18]} 9. Qc2 {[%clk 1:29:44]} Nfd7 {[%clk
1:15:53]} 10. Rd1 {[%clk 1:27:03]} Na6 {[%clk 1:11:29]} 11. c5 {[%clk 1:14:56]}
c6 {[%clk 1:07:50]} 12. Na4 {[%clk 1:14:36]} Qe7 {[%clk 1:04:19]} 13. Nd2 {[%clk
1:12:44]} f5 {[%clk 1:03:08]} 14. f3 {[%clk 1:11:44]} Bh6 {[%clk 1:02:30]} 15.
Bxh6 {[%clk 1:06:28]} Qh4+ {[%clk 1:02:54]} 16. g3 {[%clk 1:06:35]} Qxh6 {[%clk
1:03:18]} 17. Bxa6 {[%clk 1:06:36]} Rxa6 {[%clk 0:59:14]} 18. Qb3+ {[%clk
0:58:09]} Kh8 {[%clk 0:58:31]} 19. exf5 {[%clk 0:52:10]} gxf5 {[%clk 0:57:59]}
20. O-O {[%clk 0:51:09]} Nf6 {[%clk 0:55:18]} 21. Qc3 {[%clk 0:50:39]} Re8 {[%clk
0:53:12]} 22. Rfe1 {[%clk 0:49:44]} Nd5 {[%clk 0:52:28]} 23. Rxe5 {[%clk
0:47:50]} Nxc3 {[%clk 0:51:22]} 24. Rxe8+ {[%clk 0:48:10]} Kg7 {[%clk 0:51:48]}
25. Nxc3 {[%clk 0:47:31]} Be6 {[%clk 0:51:16]} 26. Nf1 {[%clk 0:46:24]} Kf7
{[%clk 0:46:29]} 27. Rb8 {[%clk 0:42:20]} Ra7 {[%clk 0:43:48]} 28. f4 {[%clk
0:35:56]} a4 {[%clk 0:34:55]} 29. a3 {[%clk 0:29:36]} Qf6 {[%clk 0:33:29]} 30.
Rd6 {[%clk 0:28:53]} Qe7 {[%clk 0:32:49]} 31. Nd2 {[%clk 0:27:21]} Qc7 {[%clk
0:32:15]} 32. Rh8 {[%clk 0:21:17]} Qa5 {[%clk 0:31:58]} 33. Rdd8 {[%clk 0:17:24]}
Qxc5+ {[%clk 0:31:54]} 34. Kg2 {[%clk 0:17:54]} Kg7 {[%clk 0:26:58]} 35. Rhe8
{[%clk 0:16:25]} Qa5 {[%clk 0:21:41]} 36. Rd6 {[%clk 0:13:01]} Bd5+ {[%clk
0:19:02]} 37. Nf3 {[%clk 0:12:03]} Bxf3+ {[%clk 0:18:20]} 38. Kxf3 {[%clk
0:12:32]} b5 {[%clk 0:18:28]} 39. Re5 {[%clk 0:08:07]} Qc7 {[%clk 0:17:58]} 40.
Rde6 {[%clk 0:38:10]} Qd7 {[%clk 0:48:07]} 41. g4 {[%clk 0:37:43]} Qd3+ {[%clk
0:47:34]} 42. Re3 {[%clk 0:37:47]} Qf1+ {[%clk 0:47:50]} 0-1

[Event "65+ World Senior Team Championship"]
[Site "chess24.com"]
[Date "2017.05.02"]
[Round "9"]
[White "Malmdin, Nils-Ake"]
[Black "Ager, Josef"]
[Result "1-0"]
[Board "3"]
[WhiteElo "2197"]
[WhiteTitle "FM"]
[WhiteCountry "SWE"]
[WhiteFideId "1701584"]
[WhiteEloChange "8"]
[BlackElo "2132"]
[BlackCountry "AUT"]
[BlackFideId "1607138"]
[BlackEloChange "-8"]

1. e4 {[%clk 1:30:38]} e5 {[%clk 1:30:55]} 2. Nf3 {[%clk 1:30:52]} Nc6 {[%clk
1:31:18]} 3. Bb5 {[%clk 1:29:12]} f5 {[%clk 1:31:11]} 4. d3 {[%clk 1:25:29]} fxe4
{[%clk 1:31:35]} 5. dxe4 {[%clk 1:25:45]} Nf6 {[%clk 1:31:35]} 6. Bg5 {[%clk
1:21:38]} Be7 {[%clk 1:31:19]} 7. Nc3 {[%clk 1:17:22]} d6 {[%clk 1:23:55]} 8. h3
{[%clk 1:07:07]} Be6 {[%clk 1:18:52]} 9. Qe2 {[%clk 1:01:54]} O-O {[%clk
1:22:42]} 10. O-O-O {[%clk 1:00:04]} Nd7 {[%clk 1:19:21]} 11. Be3 {[%clk
0:59:40]} Na5 {[%clk 1:16:57]} 12. b4 {[%clk 0:49:03]} c6 {[%clk 1:01:44]} 13.
Bd3 {[%clk 0:49:14]} d5 {[%clk 1:01:47]} 14. exd5 {[%clk 0:48:00]} cxd5 {[%clk
0:59:31]} 15. Nxd5 {[%clk 0:48:16]} Bxd5 {[%clk 0:59:14]} 16. Bxh7+ {[%clk
0:48:23]} Kxh7 {[%clk 0:59:36]} 17. Rxd5 {[%clk 0:48:42]} e4 {[%clk 0:51:21]} 18.
Ng5+ {[%clk 0:34:01]} Bxg5 {[%clk 0:50:45]} 19. Bxg5 {[%clk 0:34:20]} Qe8 {[%clk
0:46:50]} 20. bxa5 {[%clk 0:34:28]} Qe6 {[%clk 0:46:33]} 21. Rhd1 {[%clk
0:32:17]} Nf6 {[%clk 0:44:27]} 22. Bxf6 {[%clk 0:32:32]} Qxf6 {[%clk 0:43:04]}
23. Qxe4+ {[%clk 0:29:28]} Kg8 {[%clk 0:43:24]} 24. Kb1 {[%clk 0:28:49]} Rae8
{[%clk 0:43:18]} 25. Qc4 {[%clk 0:27:58]} Rf7 {[%clk 0:43:34]} 26. Rd7 {[%clk
0:27:24]} Re6 {[%clk 0:40:21]} 27. Rxf7 {[%clk 0:20:16]} Qxf7 {[%clk 0:40:43]}
28. Qb3 {[%clk 0:20:18]} b6 {[%clk 0:40:57]} 29. a6 {[%clk 0:20:34]} b5 {[%clk
0:41:12]} 30. f4 {[%clk 0:20:19]} Kh7 {[%clk 0:41:10]} 31. g4 {[%clk 0:19:28]}
Qe7 {[%clk 0:40:30]} 32. Qd3+ {[%clk 0:19:07]} g6 {[%clk 0:40:36]} 33. Qd7 {[%clk
0:19:18]} 1-0

[Event "65+ World Senior Team Championship"]
[Site "chess24.com"]
[Date "2017.05.02"]
[Round "9"]
[White "Danner, Lambert"]
[Black "Hammar, Bengt"]
[Result "1/2-1/2"]
[Board "4"]
[WhiteElo "2043"]
[WhiteCountry "AUT"]
[WhiteFideId "1305840"]
[WhiteEloChange "3"]
[BlackElo "2165"]
[BlackTitle "FM"]
[BlackCountry "SWE"]
[BlackFideId "1700391"]
[BlackEloChange "-3"]

1. d4 {[%clk 1:30:46]} Nf6 {[%clk 1:28:47]} 2. c4 {[%clk 1:30:59]} e6 {[%clk
1:28:25]} 3. g3 {[%clk 1:30:24]} d5 {[%clk 1:28:33]} 4. Nf3 {[%clk 1:30:34]} Be7
{[%clk 1:28:15]} 5. Bg2 {[%clk 1:30:37]} O-O {[%clk 1:28:12]} 6. Nc3 {[%clk
1:30:39]} b6 {[%clk 1:21:06]} 7. O-O {[%clk 1:29:51]} Bb7 {[%clk 1:21:03]} 8.
cxd5 {[%clk 1:29:36]} exd5 {[%clk 1:19:06]} 9. Bf4 {[%clk 1:28:35]} c6 {[%clk
1:18:23]} 10. Qc2 {[%clk 1:27:33]} Nbd7 {[%clk 1:18:03]} 11. Rac1 {[%clk
1:25:00]} Re8 {[%clk 1:15:57]} 12. Rfd1 {[%clk 1:16:41]} h6 {[%clk 1:15:19]} 13.
h3 {[%clk 1:13:21]} Rc8 {[%clk 1:12:57]} 14. Qb1 {[%clk 1:11:36]} Nf8 {[%clk
1:11:53]} 15. b4 {[%clk 1:09:41]} Ng6 {[%clk 1:10:56]} 16. Ne5 {[%clk 1:06:07]}
Nxf4 {[%clk 1:08:53]} 17. gxf4 {[%clk 1:06:08]} Bd6 {[%clk 1:06:23]} 18. a3
{[%clk 1:03:00]} a5 {[%clk 1:02:15]} 19. Qb3 {[%clk 0:59:51]} axb4 {[%clk
0:59:05]} 20. axb4 {[%clk 1:00:12]} Nh5 {[%clk 0:56:26]} 21. e3 {[%clk 0:59:30]}
b5 {[%clk 0:54:56]} 22. Bf3 {[%clk 0:51:13]} Nf6 {[%clk 0:53:08]} 23. Kh1 {[%clk
0:49:19]} Qe7 {[%clk 0:52:45]} 24. Nd3 {[%clk 0:46:24]} Rc7 {[%clk 0:52:54]} 25.
Rg1 {[%clk 0:46:02]} Bc8 {[%clk 0:53:00]} 26. Rg3 {[%clk 0:46:04]} Bf5 {[%clk
0:51:18]} 27. Nc5 {[%clk 0:45:27]} Bxc5 {[%clk 0:48:38]} 28. bxc5 {[%clk
0:40:14]} Be4 {[%clk 0:46:24]} 29. Bxe4 {[%clk 0:34:12]} Nxe4 {[%clk 0:46:22]}
30. Nxe4 {[%clk 0:33:36]} Qxe4+ {[%clk 0:46:44]} 31. Kh2 {[%clk 0:33:45]} Ra7
{[%clk 0:45:25]} 32. Qb1 {[%clk 0:28:04]} Qxb1 {[%clk 0:44:22]} 33. Rxb1 {[%clk
0:27:13]} Ra2 {[%clk 0:44:48]} 34. Kg2 {[%clk 0:27:01]} Rea8 {[%clk 0:44:56]} 35.
Kf3 {[%clk 0:27:11]} Rd2 {[%clk 0:43:31]} 36. Rbg1 {[%clk 0:26:24]} g6 {[%clk
0:43:35]} 37. h4 {[%clk 0:25:58]} Raa2 {[%clk 0:42:56]} 38. R3g2 {[%clk 0:25:43]}
Kf8 {[%clk 0:42:49]} 39. f5 {[%clk 0:22:56]} gxf5 {[%clk 0:42:34]} 40. Rg8+
{[%clk 0:53:13]} Ke7 {[%clk 1:12:58]} 41. Rf1 {[%clk 0:46:22]} f4 {[%clk
1:11:05]} 42. Kxf4 {[%clk 0:43:57]} Rxf2+ {[%clk 1:11:18]} 43. Rxf2 {[%clk
0:44:21]} Rxf2+ {[%clk 1:11:41]} 44. Kg3 {[%clk 0:44:45]} Rf6 {[%clk 1:11:42]}
45. Rb8 {[%clk 0:44:34]} Kd7 {[%clk 1:11:37]} 46. Ra8 {[%clk 0:41:22]} Kc7 {[%clk
1:07:59]} 47. Kg2 {[%clk 0:40:37]} Kb7 {[%clk 1:08:03]} 48. Ra1 {[%clk 0:40:01]}
Re6 {[%clk 1:07:31]} 49. Kf3 {[%clk 0:39:35]} Re4 {[%clk 1:07:45]} 50. Ke2 {[%clk
0:39:36]} Rxh4 {[%clk 1:00:44]} 51. Rf1 {[%clk 0:39:52]} f5 {[%clk 0:59:35]} 52.
Rxf5 {[%clk 0:40:08]} b4 {[%clk 0:59:50]} 53. Kd3 {[%clk 0:38:52]} Rh2 {[%clk
1:00:05]} 54. Rf1 {[%clk 0:37:31]} Ka6 {[%clk 0:59:20]} 55. Ra1+ {[%clk 0:36:03]}
Kb5 {[%clk 0:59:18]} 56. Ra8 {[%clk 0:36:23]} Rg2 {[%clk 0:57:35]} 57. Rh8 {[%clk
0:34:14]} Rg6 {[%clk 0:57:30]} 58. Ra8 {[%clk 0:34:08]} h5 {[%clk 0:57:35]} 59.
Rh8 {[%clk 0:34:27]} Ka4 {[%clk 0:57:57]} 60. Rxh5 {[%clk 0:34:20]} Kb3 {[%clk
0:58:08]} 61. Rh8 {[%clk 0:29:44]} Rg1 {[%clk 0:56:36]} 62. Rb8 {[%clk 0:27:41]}
Rd1+ {[%clk 0:56:35]} 63. Ke2 {[%clk 0:28:05]} Rc1 {[%clk 0:56:15]} 64. Rb6
{[%clk 0:28:22]} Kc3 {[%clk 0:54:54]} 65. Rxc6 {[%clk 0:27:23]} b3 {[%clk
0:55:15]} 66. Rb6 {[%clk 0:27:47]} b2 {[%clk 0:55:41]} 67. c6 {[%clk 0:24:16]}
Kc2 {[%clk 0:52:54]} 68. e4 {[%clk 0:22:58]} dxe4 {[%clk 0:52:39]} 69. d5 {[%clk
0:23:03]} b1Q {[%clk 0:52:43]} 70. Rxb1 {[%clk 0:23:13]} Kxb1 {[%clk 0:53:11]}
71. Ke3 {[%clk 0:23:09]} Rc4 {[%clk 0:52:17]} 72. c7 {[%clk 0:23:18]} Rxc7 {[%clk
0:52:42]} 73. Kxe4 {[%clk 0:23:44]} Kb2 {[%clk 0:51:57]} 74. d6 {[%clk 0:24:05]}
Rc1 {[%clk 0:52:19]} 75. Kd5 {[%clk 0:23:51]} Kb3 {[%clk 0:52:03]} 76. d7 {[%clk
0:23:58]} Kb4 {[%clk 0:52:19]} 77. Kd6 {[%clk 0:24:20]} 1/2-1/2

[Event "65+ World Senior Team Championship"]
[Site "chess24.com"]
[Date "2017.05.02"]
[Round "9"]
[White "Birnboim, Nathan"]
[Black "Jones, Iolo C"]
[Result "1-0"]
[Board "1"]
[WhiteElo "2355"]
[WhiteTitle "IM"]
[WhiteCountry "ISR"]
[WhiteFideId "2800209"]
[WhiteEloChange "6"]
[BlackElo "2195"]
[BlackTitle "FM"]
[BlackCountry "WLS"]
[BlackFideId "1800094"]
[BlackEloChange "-6"]

1. d4 {[%clk 1:28:59]} Nf6 {[%clk 1:30:43]} 2. Nf3 {[%clk 1:29:06]} e6 {[%clk
1:30:45]} 3. g3 {[%clk 1:29:13]} b6 {[%clk 1:30:25]} 4. Bg2 {[%clk 1:29:38]} Bb7
{[%clk 1:30:35]} 5. O-O {[%clk 1:29:57]} Be7 {[%clk 1:30:24]} 6. c4 {[%clk
1:29:44]} O-O {[%clk 1:29:38]} 7. Nc3 {[%clk 1:26:26]} Ne4 {[%clk 1:26:07]} 8.
Qc2 {[%clk 1:25:39]} Nxc3 {[%clk 1:21:47]} 9. bxc3 {[%clk 1:23:50]} Nc6 {[%clk
1:12:33]} 10. d5 {[%clk 1:13:34]} Na5 {[%clk 1:09:21]} 11. Nd4 {[%clk 1:09:34]}
Qc8 {[%clk 1:05:50]} 12. Be4 {[%clk 1:00:23]} h6 {[%clk 1:01:14]} 13. Qd3 {[%clk
0:42:46]} Rb8 {[%clk 0:47:30]} 14. Nb3 {[%clk 0:38:14]} Nxb3 {[%clk 0:40:31]} 15.
axb3 {[%clk 0:38:24]} a5 {[%clk 0:39:52]} 16. Bg2 {[%clk 0:37:54]} Re8 {[%clk
0:35:04]} 17. Rd1 {[%clk 0:36:05]} e5 {[%clk 0:32:48]} 18. Bh3 {[%clk 0:35:02]}
Qd8 {[%clk 0:30:57]} 19. e4 {[%clk 0:32:16]} d6 {[%clk 0:30:08]} 20. Be3 {[%clk
0:27:21]} Bc8 {[%clk 0:30:09]} 21. Bg2 {[%clk 0:26:56]} Bg4 {[%clk 0:26:02]} 22.
Rd2 {[%clk 0:27:02]} Qd7 {[%clk 0:23:53]} 23. b4 {[%clk 0:26:57]} axb4 {[%clk
0:22:22]} 24. cxb4 {[%clk 0:27:26]} Ra8 {[%clk 0:21:57]} 25. Rda2 {[%clk
0:27:49]} Rxa2 {[%clk 0:21:43]} 26. Rxa2 {[%clk 0:28:18]} Rb8 {[%clk 0:19:00]}
27. Ra7 {[%clk 0:28:34]} Qd8 {[%clk 0:16:47]} 28. Qa3 {[%clk 0:28:49]} Bd7 {[%clk
0:14:40]} 29. f3 {[%clk 0:20:46]} Kh7 {[%clk 0:12:18]} 30. Bf1 {[%clk 0:20:54]}
Kg8 {[%clk 0:07:46]} 31. c5 {[%clk 0:18:57]} bxc5 {[%clk 0:07:09]} 32. bxc5
{[%clk 0:19:26]} Bb5 {[%clk 0:07:08]} 33. Bxb5 {[%clk 0:18:37]} Rxb5 {[%clk
0:07:31]} 34. c6 {[%clk 0:18:54]} Bg5 {[%clk 0:07:00]} 35. Bf2 {[%clk 0:15:40]}
Qc8 {[%clk 0:05:11]} 36. Kg2 {[%clk 0:15:02]} Kh7 {[%clk 0:05:16]} 37. h4 {[%clk
0:13:58]} Bd8 {[%clk 0:04:26]} 38. Ra8 {[%clk 0:13:06]} Rb8 {[%clk 0:04:41]} 39.
Rxb8 {[%clk 0:13:17]} Qxb8 {[%clk 0:05:03]} 40. Qa6 {[%clk 0:43:43]} Be7 {[%clk
0:34:32]} 41. Qb7 {[%clk 0:44:07]} Qd8 {[%clk 0:34:23]} 42. Bb6 {[%clk 0:41:40]}
Bxh4 {[%clk 0:33:54]} 43. Qxc7 {[%clk 0:41:09]} Qg5 {[%clk 0:32:55]} 44. Bf2
{[%clk 0:41:33]} Bxg3 {[%clk 0:31:53]} 45. Bxg3 {[%clk 0:41:53]} Qd2+ {[%clk
0:31:57]} 46. Kh3 {[%clk 0:42:15]} f6 {[%clk 0:29:10]} 47. Qb6 {[%clk 0:41:38]}
Qd1 {[%clk 0:28:19]} 48. Qf2 {[%clk 0:41:28]} Qh1+ {[%clk 0:28:10]} 49. Bh2
{[%clk 0:41:51]} h5 {[%clk 0:27:01]} 50. Qg2 {[%clk 0:40:13]} Qc1 {[%clk
0:26:39]} 51. Qe2 {[%clk 0:40:00]} g5 {[%clk 0:22:35]} 52. Kg2 {[%clk 0:39:38]}
h4 {[%clk 0:21:10]} 53. Bg1 {[%clk 0:39:39]} Kg6 {[%clk 0:20:28]} 54. Be3 {[%clk
0:39:30]} Qc3 {[%clk 0:19:52]} 55. Qd2 {[%clk 0:38:59]} Qc4 {[%clk 0:19:32]} 56.
Kf2 {[%clk 0:38:04]} g4 {[%clk 0:15:59]} 57. fxg4 {[%clk 0:38:11]} Qxe4 {[%clk
0:15:49]} 58. Qe2 {[%clk 0:30:09]} h3 {[%clk 0:12:15]} 59. Kg3 {[%clk 0:30:31]}
Qxd5 {[%clk 0:10:36]} 60. Qc2+ {[%clk 0:30:36]} 1-0

[Event "65+ World Senior Team Championship"]
[Site "chess24.com"]
[Date "2017.05.02"]
[Round "9"]
[White "Thornton, John D"]
[Black "Berkovich, Mark A"]
[Result "0-1"]
[Board "2"]
[WhiteElo "2059"]
[WhiteCountry "WLS"]
[WhiteFideId "1800663"]
[WhiteEloChange "-3"]
[BlackElo "2345"]
[BlackTitle "IM"]
[BlackCountry "ISR"]
[BlackFideId "2801639"]
[BlackEloChange "3"]

1. e4 {[%clk 1:30:55]} c5 {[%clk 1:30:41]} 2. c3 {[%clk 1:31:01]} d5 {[%clk
1:30:38]} 3. exd5 {[%clk 1:31:24]} Qxd5 {[%clk 1:31:02]} 4. d4 {[%clk 1:31:47]}
Nf6 {[%clk 1:31:23]} 5. Nf3 {[%clk 1:32:08]} e6 {[%clk 1:31:01]} 6. Be2 {[%clk
1:32:27]} Be7 {[%clk 1:31:05]} 7. O-O {[%clk 1:31:51]} O-O {[%clk 1:29:56]} 8. c4
{[%clk 1:31:38]} Qd6 {[%clk 1:25:39]} 9. dxc5 {[%clk 1:31:31]} Qxc5 {[%clk
1:19:43]} 10. Be3 {[%clk 1:31:17]} Qc7 {[%clk 1:20:05]} 11. Nc3 {[%clk 1:30:09]}
a6 {[%clk 1:19:55]} 12. Na4 {[%clk 1:23:29]} Nbd7 {[%clk 1:19:07]} 13. Rc1 {[%clk
1:19:17]} Ng4 {[%clk 1:16:55]} 14. Qb3 {[%clk 1:07:49]} Nxe3 {[%clk 1:12:50]} 15.
Qxe3 {[%clk 1:07:36]} Qa5 {[%clk 1:11:24]} 16. Nc3 {[%clk 1:03:48]} Nf6 {[%clk
1:08:26]} 17. h3 {[%clk 0:56:48]} Bd7 {[%clk 1:06:01]} 18. a3 {[%clk 0:51:59]}
Rfd8 {[%clk 1:05:17]} 19. Qe5 {[%clk 0:49:25]} Qb6 {[%clk 1:01:34]} 20. b4 {[%clk
0:49:06]} Bd6 {[%clk 1:00:22]} 21. Qd4 {[%clk 0:44:42]} Qc7 {[%clk 0:58:48]} 22.
Ne4 {[%clk 0:40:26]} Be7 {[%clk 0:57:38]} 23. Nxf6+ {[%clk 0:37:52]} Bxf6 {[%clk
0:58:02]} 24. Qe3 {[%clk 0:38:12]} h6 {[%clk 0:55:54]} 25. Rcd1 {[%clk 0:34:36]}
Ba4 {[%clk 0:53:20]} 26. Rxd8+ {[%clk 0:28:03]} Rxd8 {[%clk 0:53:35]} 27. Re1
{[%clk 0:27:17]} Rd7 {[%clk 0:51:22]} 28. Bf1 {[%clk 0:24:42]} Qd8 {[%clk
0:48:03]} 29. Ne5 {[%clk 0:21:09]} Rd1 {[%clk 0:47:54]} 30. c5 {[%clk 0:13:17]}
Qd2 {[%clk 0:42:22]} 31. Qxd2 {[%clk 0:12:27]} Rxd2 {[%clk 0:42:50]} 32. Nc4
{[%clk 0:08:41]} Ra2 {[%clk 0:42:48]} 33. Nd6 {[%clk 0:07:47]} Bc6 {[%clk
0:40:46]} 34. Nc4 {[%clk 0:05:08]} Bd4 {[%clk 0:40:30]} 35. Re2 {[%clk 0:04:46]}
Ra1 {[%clk 0:40:37]} 36. Rd2 {[%clk 0:04:56]} e5 {[%clk 0:40:50]} 37. Ne3 {[%clk
0:02:47]} Be4 {[%clk 0:32:10]} 38. Rd1 {[%clk 0:02:15]} Rxa3 {[%clk 0:32:10]} 39.
Nc4 {[%clk 0:02:01]} Ra2 {[%clk 0:32:22]} 40. Nd6 {[%clk 0:31:41]} Bd5 {[%clk
0:55:07]} 41. Bc4 {[%clk 0:26:58]} Bxf2+ {[%clk 0:51:21]} 42. Kf1 {[%clk
0:25:24]} Bxc4+ {[%clk 0:51:26]} 43. Nxc4 {[%clk 0:25:46]} Bd4 {[%clk 0:46:41]}
44. Nxe5 {[%clk 0:16:36]} Bxe5 {[%clk 0:46:47]} 45. Rd8+ {[%clk 0:16:57]} Kh7
{[%clk 0:47:10]} 46. Rd7 {[%clk 0:17:24]} a5 {[%clk 0:45:20]} 47. Rxf7 {[%clk
0:10:09]} axb4 {[%clk 0:45:27]} 48. Rxb7 {[%clk 0:10:32]} Rb2 {[%clk 0:41:27]}
49. c6 {[%clk 0:10:34]} Bg3 {[%clk 0:41:21]} 50. c7 {[%clk 0:09:24]} Rf2+ {[%clk
0:41:10]} 51. Ke1 {[%clk 0:08:26]} Rxg2+ {[%clk 0:38:40]} 52. Kd1 {[%clk
0:05:45]} Bxc7 {[%clk 0:39:00]} 0-1

[Event "65+ World Senior Team Championship"]
[Site "chess24.com"]
[Date "2017.05.02"]
[Round "9"]
[White "Lederman, Leon"]
[Black "Waterfield, John W"]
[Result "1-0"]
[Board "3"]
[WhiteElo "2276"]
[WhiteTitle "IM"]
[WhiteCountry "ISR"]
[WhiteFideId "2800403"]
[WhiteEloChange "3"]
[BlackElo "1948"]
[BlackCountry "WLS"]
[BlackFideId "407143"]
[BlackEloChange "-3"]

1. e4 {[%clk 1:29:59]} c5 {[%clk 1:30:56]} 2. Nf3 {[%clk 1:30:26]} d6 {[%clk
1:31:23]} 3. d4 {[%clk 1:30:50]} cxd4 {[%clk 1:31:51]} 4. Nxd4 {[%clk 1:31:17]}
Nf6 {[%clk 1:32:14]} 5. Nc3 {[%clk 1:31:40]} a6 {[%clk 1:32:41]} 6. f4 {[%clk
1:32:05]} Qc7 {[%clk 1:30:39]} 7. Bd3 {[%clk 1:31:56]} g6 {[%clk 1:30:59]} 8. O-O
{[%clk 1:32:08]} Bg7 {[%clk 1:31:10]} 9. Nf3 {[%clk 1:32:32]} Nbd7 {[%clk
1:29:57]} 10. Qe1 {[%clk 1:32:39]} b5 {[%clk 1:30:05]} 11. a3 {[%clk 1:31:26]}
Bb7 {[%clk 1:26:29]} 12. Qh4 {[%clk 1:31:18]} Qc5+ {[%clk 1:05:38]} 13. Kh1
{[%clk 1:30:56]} Qh5 {[%clk 1:06:04]} 14. Qe1 {[%clk 1:30:30]} O-O {[%clk
1:03:21]} 15. Bd2 {[%clk 1:27:58]} e5 {[%clk 1:00:30]} 16. fxe5 {[%clk 1:22:40]}
Nxe5 {[%clk 1:00:55]} 17. Nxe5 {[%clk 1:23:04]} Qxe5 {[%clk 1:01:10]} 18. Qh4
{[%clk 1:11:38]} d5 {[%clk 0:49:30]} 19. exd5 {[%clk 1:03:10]} Nxd5 {[%clk
0:48:14]} 20. Rae1 {[%clk 1:02:56]} Qd6 {[%clk 0:44:42]} 21. Ne4 {[%clk 1:02:37]}
Qc7 {[%clk 0:35:03]} 22. Bh6 {[%clk 1:00:37]} f6 {[%clk 0:29:39]} 23. Bxg7 {[%clk
0:57:52]} Kxg7 {[%clk 0:29:49]} 24. b4 {[%clk 0:58:15]} Rae8 {[%clk 0:27:21]} 25.
Nc5 {[%clk 0:57:23]} Rxe1 {[%clk 0:23:05]} 26. Rxe1 {[%clk 0:56:36]} Nf4 {[%clk
0:22:45]} 27. Qxf4 {[%clk 0:56:55]} 1-0

[Event "65+ World Senior Team Championship"]
[Site "chess24.com"]
[Date "2017.05.02"]
[Round "9"]
[White "Van Kemenade, Rudy"]
[Black "Malisov, Boris"]
[Result "0-1"]
[Board "4"]
[WhiteElo "1914"]
[WhiteCountry "WLS"]
[WhiteFideId "410942"]
[WhiteEloChange "-2"]
[BlackElo "2283"]
[BlackCountry "ISR"]
[BlackFideId "2802503"]
[BlackEloChange "2"]

1. f4 {[%clk 1:30:57]} d5 {[%clk 1:28:30]} 2. Nf3 {[%clk 1:30:34]} Nc6 {[%clk
1:28:07]} 3. g3 {[%clk 1:30:58]} Bg4 {[%clk 1:28:26]} 4. Bg2 {[%clk 1:31:22]} Qd7
{[%clk 1:28:10]} 5. h3 {[%clk 1:31:44]} Bxf3 {[%clk 1:28:30]} 6. Bxf3 {[%clk
1:32:08]} e5 {[%clk 1:28:12]} 7. d3 {[%clk 1:32:32]} Nf6 {[%clk 1:28:11]} 8. Nc3
{[%clk 1:32:42]} O-O-O {[%clk 1:25:44]} 9. e4 {[%clk 1:31:20]} Bb4 {[%clk
1:24:23]} 10. Bd2 {[%clk 1:31:42]} dxe4 {[%clk 1:18:34]} 11. Nxe4 {[%clk
1:31:32]} Bxd2+ {[%clk 1:13:34]} 12. Qxd2 {[%clk 1:29:57]} Nd4 {[%clk 1:12:58]}
13. Bg2 {[%clk 1:29:26]} Nxe4 {[%clk 1:12:01]} 14. Bxe4 {[%clk 1:29:49]} f5
{[%clk 1:11:30]} 15. Bg2 {[%clk 1:30:08]} exf4 {[%clk 1:11:13]} 16. O-O {[%clk
1:29:36]} fxg3 {[%clk 1:09:16]} 17. c3 {[%clk 1:29:38]} Nb5 {[%clk 0:59:07]} 18.
a4 {[%clk 1:28:28]} Nd6 {[%clk 0:55:11]} 19. Qe3 {[%clk 1:28:40]} Rhe8 {[%clk
0:43:14]} 20. Qxa7 {[%clk 1:28:50]} c6 {[%clk 0:42:30]} 21. b4 {[%clk 1:26:58]}
Re2 {[%clk 0:39:44]} 22. b5 {[%clk 1:26:15]} cxb5 {[%clk 0:32:59]} 23. axb5
{[%clk 1:23:15]} Qxb5 {[%clk 0:32:15]} 24. Rfb1 {[%clk 1:18:08]} Rb2 {[%clk
0:30:04]} 25. Rxb2 {[%clk 1:18:31]} Qxb2 {[%clk 0:30:17]} 26. Qa8+ {[%clk
1:18:52]} Kc7 {[%clk 0:30:04]} 27. Qa5+ {[%clk 1:19:05]} Qb6+ {[%clk 0:29:51]}
28. d4 {[%clk 1:19:02]} Qxa5 {[%clk 0:28:09]} 29. Rxa5 {[%clk 1:19:27]} Re8
{[%clk 0:27:49]} 30. c4 {[%clk 1:19:26]} Re1+ {[%clk 0:28:03]} 31. Bf1 {[%clk
1:19:50]} f4 {[%clk 0:27:56]} 32. Re5 {[%clk 1:19:52]} Rxe5 {[%clk 0:26:07]} 33.
dxe5 {[%clk 1:20:14]} Nf7 {[%clk 0:24:31]} 34. e6 {[%clk 1:20:35]} Ng5 {[%clk
0:24:17]} 35. e7 {[%clk 1:20:59]} Kd7 {[%clk 0:25:09]} 36. h4 {[%clk 1:21:24]}
Nf3+ {[%clk 0:25:05]} 37. Kg2 {[%clk 1:21:45]} Nxh4+ {[%clk 0:25:23]} 38. Kh3
{[%clk 1:22:07]} g5 {[%clk 0:25:25]} 0-1